000 01088nam a22002537a 4500
999 _c65748
_d65748
005 20240530110841.0
008 200909s2019 ua f 000 0 ara d
017 _a2019/13733
_bمصر. دار الكتب
020 _a9789779124070
040 _aEG-CaGPL
_cEG-CaGPL
082 0 4 _221
_a962.034
_bق/ا ص
100 0 _aالسيد حسين جلال
245 0 2 _aالصراع الدولى حول استغلال قناة السويس 1869 - 1882 /
_cتاليف السيد حسين جلال ؛ تقديم مشهور احمد مشهور
250 _aط.2
260 _aالقاهرة :
_bالهيئة المصرية العامة للكتاب،
_c2019.
300 _a400 ص. ؛
_c24 سم.
504 _aببليوجرافية ص 381 - 397
650 0 7 _2qrmak
_aقناة السويس
_xتاريخ
651 0 7 _2qrmak
_aمصر
_xتاريخ
_yالعصر الحديث
_yعصر اسماعيل
651 0 7 _aمصر
_xتاريخ
_yالعصر الحديث
700 0 _aمشهور احمد مشهور
_eمقدم
942 _2ddc
_cBK